| 000 | 00618nam a22001937a 4500 | ||
|---|---|---|---|
| 005 | 20260212143127.0 | ||
| 010 | _aENG-147757 | ||
| 020 |
_a9788199249448 _c750.00 |
||
| 035 | _aEN-131289 | ||
| 037 |
_bDBAD _aDPL |
||
| 082 |
_a307.772 _21 |
||
| 100 |
_aKushwaha, Subhash Chandra _987356 |
||
| 245 |
_aBhil Revolt: _bA Century and a Quater of Struggle/ _cSubhash Chandra Kushwaha |
||
| 250 | _a1 | ||
| 260 |
_aNew Delhi _bNiyogi Books _c2025 |
||
| 270 |
_aBlock D, Building No. 77, Okhla Industrial Area, Phase-I _bNew Delhi _e110020 |
||
| 300 |
_a428p. _c23cm(hb) |
||
| 942 |
_2ddc _cEN _h307.772 _mKUS |
||
| 999 |
_c214850 _d214850 |
||